Catalog

Record Details

Catalog Search



Credible threat : Ali Reynolds  Cover Image Book Book

Credible threat : Ali Reynolds / J.A. Jance.

Jance, Judith A., (author.).

Summary:

Years after her son’s fatal overdose, grieving mother Rachel Higgins learns that his addiction may have grown out of damage suffered at the hands of a pedophile priest while he was in high school. Looking for vengeance, she targets the Catholic Church’s most visible local figure, Archbishop Francis Gillespie. When the archbishop begins receiving anonymous threats, local police dismiss them, saying they’re not credible. So he turns to his friends, Ali Reynolds and her husband, B. Simpson. With B. out of the country on a cybersecurity emergency, it’s up to Ali to track down the source of the threats. When a shooter assassinates the archbishop’s driver and leaves the priest himself severely injured, Ali forms an uneasy alliance with a Phoenix homicide cop in hopes of preventing another attack. But Ali doesn’t realize that the killer has become not only more unhinged but also more determined to take out his or her target.

Record details

  • ISBN: 9781982131074
  • ISBN: 1982131071
  • ISBN: 9781982131081
  • ISBN: 198213108X
  • Physical Description: 323 pages ; 23 cm
  • Edition: First Gallery Books hardcover edition.
  • Publisher: New York : Gallery Books, 2020.
Subject: Reynolds, Ali (Fictitious character) > Fiction.
Women private investigators > Arizona > Fiction.
Murder > Investigation > Fiction.
Arizona > Fiction.
Genre: Detective and mystery fiction.

Available copies

  • 1 of 1 copy available at scottsboropl.

Holds

  • 0 current holds with 1 total copy.
Show Only Available Copies
Location Call Number / Copy Notes Barcode Shelving Location Status Due Date
scottsboropl F Jan 32269001153108 Storage - Adult Available -

LDR 02297nam a22003978i 4500
001154182
003SBPL
00520200601104359.0
008200103s2020 nyu e 000 1 eng
010 . ‡a 2020000156
020 . ‡a9781982131074 ‡q(hardcover)
020 . ‡a1982131071 ‡q(hardcover)
020 . ‡a9781982131081 ‡q(paperback)
020 . ‡a198213108X ‡q(paperback)
035 . ‡a(CONS)154182
035 . ‡a(OCoLC)1105951539 ‡z(OCoLC)1155219006 ‡z(OCoLC)1156331537 ‡z(OCoLC)1156386891 ‡z(OCoLC)1156397188 ‡z(OCoLC)1156399250 ‡z(OCoLC)1158267388 ‡z(OCoLC)1158282072 ‡z(OCoLC)1165366884 ‡z(OCoLC)1175655915 ‡z(OCoLC)1175656893 ‡z(OCoLC)1182026450 ‡z(OCoLC)1192993910 ‡z(OCoLC)1227053734 ‡z(OCoLC)1262624345 ‡z(OCoLC)1264094674 ‡z(OCoLC)1265424173 ‡z(OCoLC)1293236721 ‡z(OCoLC)1303756362
05000. ‡aPS3560.A44 ‡bC74 2020
08200. ‡a813/.54 ‡223
1001 . ‡aJance, Judith A., ‡eauthor.
24510. ‡aCredible threat : ‡bAli Reynolds / ‡cJ.A. Jance.
250 . ‡aFirst Gallery Books hardcover edition.
264 1. ‡aNew York : ‡bGallery Books, ‡c2020.
300 . ‡a323 pages ; ‡c23 cm
336 . ‡atext ‡btxt ‡2rdacontent
337 . ‡aunmediated ‡bn ‡2rdamedia
338 . ‡avolume ‡bnc ‡2rdacarrier
4901 . ‡aAli Reynolds ; ‡vBk 15
520 . ‡aYears after her son’s fatal overdose, grieving mother Rachel Higgins learns that his addiction may have grown out of damage suffered at the hands of a pedophile priest while he was in high school. Looking for vengeance, she targets the Catholic Church’s most visible local figure, Archbishop Francis Gillespie. When the archbishop begins receiving anonymous threats, local police dismiss them, saying they’re not credible. So he turns to his friends, Ali Reynolds and her husband, B. Simpson. With B. out of the country on a cybersecurity emergency, it’s up to Ali to track down the source of the threats. When a shooter assassinates the archbishop’s driver and leaves the priest himself severely injured, Ali forms an uneasy alliance with a Phoenix homicide cop in hopes of preventing another attack. But Ali doesn’t realize that the killer has become not only more unhinged but also more determined to take out his or her target.
650 0. ‡aReynolds, Ali (Fictitious character) ‡vFiction.
650 0. ‡aWomen private investigators ‡zArizona ‡vFiction.
650 0. ‡aMurder ‡xInvestigation ‡vFiction.
651 0. ‡aArizona ‡vFiction.
655 7. ‡aDetective and mystery fiction. ‡2lcgft
8001 . ‡aJance, Judith A. ‡tAli Reynolds mysteries ; ‡vBk 15.
901 . ‡a154182 ‡bUnknown ‡c154182 ‡tbiblio

Additional Resources